Library of the University of Algiers 3
Ibrahim Sultan Cheibout
شعار جامعة الجزائر 3
مكتبة جامعة الجزائر 3
إبراهيم سلطان شيبوط

الإسلام والتنمية البشرية / (رقم التسجيلة. 45490)

تفاصيل مارك
000 -LEADER
fixed length control field 01545nam a2200205Ia 4500
003 - CONTROL NUMBER IDENTIFIER
control field Ost
005 - DATE AND TIME OF LATEST TRANSACTION
control field 20260507075646.0
008 - FIXED-LENGTH DATA ELEMENTS--GENERAL INFORMATION
fixed length control field 260507s9999||||xx |||||||||||||| ||und||
040 ## - CATALOGING SOURCE
Transcribing agency fsecg
041 ## - LANGUAGE CODE
Language code of text/sound track or separate title ara
082 ## - DEWEY DECIMAL CLASSIFICATION NUMBER
Classification number 301.241
100 ## - MAIN ENTRY--PERSONAL NAME
Personal name العيسوي، عبد الرحمن
Relator term مؤلف
245 #0 - TITLE STATEMENT
Title الإسلام والتنمية البشرية /
Statement of responsibility, etc. عبد الرحمن العيسوي
260 ## - PUBLICATION, DISTRIBUTION, ETC.
Place of publication, distribution, etc. الإسكندرية:
Name of publisher, distributor, etc. المكتب العربي الحديث,
Date of publication, distribution, etc. [د.ت.]
300 ## - PHYSICAL DESCRIPTION
Extent 244 صفحة؛
Other physical details إيضاحات ؛
Dimensions 24 سم
520 ## - SUMMARY, ETC.
Summary, etc. تعريف التنمية وخصائصها والعمل التنموي- مؤشرات التنمية والتقدم- التربية والتنمية- تنمية الموارد البشرية- دور العلم في تحقيق التنمية- من تجارب الامم في العمل التنموي- الاسس العلمية لتوجيه الفرد مهنيا- منهج الإسلام في التنمية البشرية- التنمية في اطار الإسلامي- التنمية العقلية والفكرية- التنمية النفسية- التنمية الروحية والخلقية- تنمية روح العمل- تدعيم التماسك الإجتماعي- تنمية الوعي الإقتصادي والبشري- تنمية التماسك الأسري- الإدارة التنموية في الإطار الإسلامي- تنمية سيمات شخصية المسلم ككل.
653 ## - INDEX TERM--UNCONTROLLED
Uncontrolled term الإسلام
653 ## - INDEX TERM--UNCONTROLLED
Uncontrolled term التنمية البشرية
942 ## - ADDED ENTRY ELEMENTS (KOHA)
Koha item type كتب
المقتنيات
Withdrawn status Lost status Source of classification or shelving scheme Damaged status Not for loan Home library Current library Date acquired Serial enumeration / chronology Inventory number Total checkouts Full call number Barcode Date last seen Price effective from Koha item type
    Dewey Decimal Classification   NOT LOAN / إعارة داخلية مكتبة كلية العلوم الإقتصادية والعلوم التجارية وعلوم التسيير مكتبة كلية العلوم الإقتصادية والعلوم التجارية وعلوم التسيير 07/05/2026 الطابق الأرضي 872/1   أ/872ن1 872/1 07/05/2026 07/05/2026 كتب
    Dewey Decimal Classification   Available مكتبة كلية العلوم الإقتصادية والعلوم التجارية وعلوم التسيير مكتبة كلية العلوم الإقتصادية والعلوم التجارية وعلوم التسيير 07/05/2026 الطابق الثاني 872/2   أ/872ن2 872/2 07/05/2026 07/05/2026 كتب

موارد الويب المفتوحة


© University of Algiers 3 All Rights Reserved
|
Implemented by LECHELAH Riad